LEADER 01793nam 2200349 450 001 9910688204803321 005 20230624084138.0 035 $a(CKB)5400000000044005 035 $a(NjHacI)995400000000044005 035 $a(EXLCZ)995400000000044005 100 $a20230624d2021 uy 0 101 0 $aeng 135 $aur||||||||||| 181 $ctxt$2rdacontent 182 $cc$2rdamedia 183 $acr$2rdacarrier 200 00$aCellulose Science and Derivatives /$fedited by Arpit Sand, Sangita Banga 210 1$aLondon :$cIntechOpen,$d2021. 215 $a1 online resource (174 pages) 311 $a1-83969-580-3 330 $aCellulose and cellulose derivatives are a class of bio-based materials that have attracted scientific interest due to their unique structural features and properties such as biocompatibility, biodegradability, and renewability. They are promising candidates for applications in biomedicine, pharmaceuticals, electronics, barrier films, nanocomposites, membranes, and supercapacitors. New resources, extraction procedures, and treatments are currently under development to satisfy increasing demands for cost-effective and sustainable methods of manufacturing new types of cellulose nanoparticle-based materials on an industrial scale. This book, written by an international collection of contributors in the field, is a useful reference for graduate students and researchers in chemistry, materials science, nanoscience, and green nanotechnology. 606 $aCellulose 615 0$aCellulose. 676 $a547.782 702 $aBanga$b Sangita 702 $aSand$b Arpit 801 0$bNjHacI 801 1$bNjHacl 906 $aBOOK 912 $a9910688204803321 996 $aCellulose Science and Derivatives$92828035 997 $aUNINA LEADER 01612oam 2200421M 450 001 9910716486303321 005 20200213070926.6 035 $a(CKB)5470000002521279 035 $a(OCoLC)1065610871 035 $a(OCoLC)995470000002521279 035 $a(EXLCZ)995470000002521279 100 $a20071213d1927 ua 0 101 0 $aeng 135 $aurcn||||||||| 181 $ctxt$2rdacontent 182 $cc$2rdamedia 183 $acr$2rdacarrier 200 10$aAdditional judge for Connecticut. January 19, 1927. -- Committed to the Committee of the Whole House on the State of the Union and ordered to be printed 210 1$a[Washington, D.C.] :$c[U.S. Government Printing Office],$d1927. 215 $a1 online resource (5 pages) 225 1 $aHouse report / 69th Congress, 2nd session. House ;$vno. 1812 225 1 $a[United States congressional serial set] ;$v[serial no. 8688] 300 $aBatch processed record: Metadata reviewed, not verified. Some fields updated by batch processes. 300 $aFDLP item number not assigned. 606 $aDistrict courts 606 $aJudges 608 $aLegislative materials.$2lcgft 615 0$aDistrict courts. 615 0$aJudges. 701 $aGraham$b George Scott$f1850-1931$pRepublican (PA)$01386798 801 0$bWYU 801 1$bWYU 801 2$bOCLCO 801 2$bOCLCQ 906 $aBOOK 912 $a9910716486303321 996 $aAdditional judge for Connecticut. January 19, 1927. -- Committed to the Committee of the Whole House on the State of the Union and ordered to be printed$93440270 997 $aUNINA